000 00942nam a2200241Ia 4500
999 _c53235
_d53235
001 20276
003 GE_BSU
005 20200813143844.0
008 181216s1976||||ge |||||||||||||| ||geo||
040 _cGE_BSU
041 _ageo
080 _a811.353.1-825=161.1 გ-65
100 _aგოლეთიანი, გ.
_98108
245 _aქართულ-რუსული სასაუბრო /
_cგ. გოლეთიანი ; რედ. ი.ხუციშვილი.
250 _aმეორე გამოცემა
264 _aთბილისი :
_bთბილისის უნ-ტის გამ-ბა,
_c1976.
300 _a176გვ. ;
_c20 სმ.
541 _h2ლ.
653 _aქართული ენა
653 _aქართულ-რუსული სასაუბრო
700 _aხუციშვილი, ი.
_eრედაქტორი
_94472
942 _cBK
_2udc